000 00419nam a2200169Ia 4500
005 20250424120252.0
008 250424s9999 xx 000 0 und d
022 _a00218553
050 _aK 60 .E5/
245 0 _aJournal of african law
260 _aUnited kingdom
260 _bSOAS universty of london
260 _c2015
300 _a191 p. :ill. ; 24 cm.
650 _aLaw--Africa--Periodicals.
942 _cSR
999 _c38348
_d38348